I Ain’t Worried - OneRepublic - All Lyrics - Statistics

General Stats
  • This quiz has been taken 49 times
  • The average score is 186 of 249
Answer Stats
Answer % Correct
(Hey)
100%
hey)
100%
I
100%
oh,
100%
Ooh,
100%
(Ooh,
100%
(Yeah)
100%
(Yeah,
100%
yeah)
100%
it
95%
worried
93%
ain't
91%
no
91%
No
91%
no,
91%
to
91%
'bout
88%
you
88%
be
86%
now
86%
now)
86%
right
86%
(Right
86%
been
81%
don't
81%
know
81%
time
81%
told
81%
you've
81%
But
79%
is
79%
what
79%
alive,
77%
I’m
77%
I'm
77%
Keeping
77%
dreams
74%
go
74%
running
74%
out,
72%
out
72%
the
72%
heroes
70%
need
70%
slow
70%
take
70%
1999
67%
like
65%
so
65%
in
63%
at
60%
it's
60%
living
53%
spend
53%
gold
51%
when
51%
Got
49%
got
49%
stepping
49%
Swimmin'
49%
dancing
47%
let
47%
on
47%
should
47%
and
44%
below
44%
feel
42%
floods,
40%
maybe
40%
scared,
40%
with
40%
clouds
37%
honey,
37%
nine-zeros
37%
I’ll
35%
my
35%
stressing,
35%
just
33%
something
33%
steal
33%
busy
30%
deal
30%
even
30%
for
30%
regrets
30%
toe-to-toe
30%
am
28%
best
28%
broke
28%
obsessing
28%
sealing
28%
too
28%
them
26%
wanting
26%
problems
23%
Way
19%
No matching quizzes found
Score Distribution
Percent of People with Each Score
Percentile by Number Answered
Your Score History
You have not taken this quiz